[Event "Quebec Montcalm op 2nd"]
[Site "Quebec"]
[Date "2009.11.05"]
[Round "4"]
[White "Champetier, Serge"]
[Black "Sauve, Richard"]
[Result "1-0"]
[WhiteElo "1951"]
[BlackElo "2030"]
[PlyCount "99"]
[EventDate "2009.10.15"]
[EventType "swiss"]
[EventRounds "5"]
[EventCountry "CAN"]
[SourceTitle "EXT 2011"]
[Source "ChessBase"]
[SourceDate "2010.11.26"]
[SourceVersion "1"]
[SourceVersionDate "2010.11.26"]
[SourceQuality "1"]

1. e4 e6 2. b3 d5 3. Bb2 Nf6 4. e5 Ng8 5. f4 c5 6. Nf3 Nc6 7. Be2 Nh6 8. 0-0 Be7 9. a4 Nf5 10. g4 Nh4 11. Nxh4 Bxh4 12. Ba3 Be7 13. Nc3 Bd7 14. Nb5 0-0 15. d4 Nxd4 16. Nxd4 cxd4 17. Bxe7 Qxe7 18. Qxd4 Rfc8 19. Bd3 Qc5 20. Qxc5 Rxc5 21. Rf3 Bc6 22. b4 d4 23. Rh3 Rc3 24. Bxh7+ Kf8 25. Rxc3 dxc3 26. Bd3 Rd8 27. b5 Bf3 28. h3 Rd4 29. Kf2 Bd5 30. Ke3 Rb4 31. Ra3 Bg2 32. h4 g6 33. a5 Bh3 34. Rxc3 Bxg4 35. Rc8+ Kg7 36. Rc7 Ra4 37. a6 bxa6 38. bxa6 Bf5 39. Rxa7 Bxd3 40. cxd3 Kh6 41. Kf3 Ra3 42. Rxf7 Rxa6 43. Rd7 Ra3 44. Ke4 Kh5 45. Rh7+ Kg4 46. Rh6 Ra4+ 47. d4 Ra6 48. Rxg6+ Kxh4 49. f5 exf5+ 50. Kxf5 1-0

[Event "Quebec Montcalm op 2nd"]
[Site "Quebec"]
[Date "2009.10.15"]
[Round "1"]
[White "Caron, Sebastien"]
[Black "Champetier, Serge"]
[Result "1/2-1/2"]
[WhiteElo "1989"]
[BlackElo "1951"]
[PlyCount "69"]
[EventDate "2009.10.15"]
[EventType "swiss"]
[EventRounds "5"]
[EventCountry "CAN"]
[SourceTitle "EXT 2011"]
[Source "ChessBase"]
[SourceDate "2010.11.26"]
[SourceVersion "1"]
[SourceVersionDate "2010.11.26"]
[SourceQuality "1"]

1. d4 d5 2. Nf3 Nc6 3. g3 Nf6 4. Bg2 Bg4 5. h3 Bh5 6. Nbd2 e6 7. c4 Be7 8. 0-0 0-0 9. cxd5 exd5 10. Qb3 Rb8 11. e3 h6 12. Ne5 Nxe5 13. dxe5 Nd7 14. Qxd5 c6 15. Qd4 Qc7 16. f4 Be2 17. Re1 Ba6 18. Ne4 Rbd8 19. Qc3 Nb6 20. Nf2 Nd5 21. Bxd5 Rxd5 22. Rd1 Rfd8 23. Rxd5 Rxd5 24. e4 Rc5 25. Qd2 Rc4 26. a3 Bc5 27. Kg2 Qb6 28. b4 Bd4 29. Rb1 Bc3 30. Qe3 Bd4 31. Qd2 Bc3 32. Qd7 Be1 33. Qc8+ Kh7 34. Qf5+ Kg8 35. Qc8+ 1/2-1/2

[Event "Charlesbourg Festival 2"]
[Site "Charlesbourg"]
[Date "2007.07.23"]
[Round "1"]
[White "Champetier, Serge"]
[Black "Fortier, Bertrand"]
[Result "1/2-1/2"]
[WhiteElo "2061"]
[BlackElo "1613"]
[PlyCount "84"]
[EventDate "2007.07.23"]
[EventType "swiss"]
[EventRounds "5"]
[EventCountry "CAN"]
[SourceTitle "EXT 2022"]
[Source "ChessBase"]
[SourceDate "2021.10.06"]
[SourceVersion "1"]
[SourceVersionDate "2021.10.06"]
[SourceQuality "1"]

1. e4 c6 2. d4 d5 3. e5 Bf5 4. h4 h6 5. g4 Bg6 6. h5 Be4 7. f3 Bh7 8. e6 Qd6 9. exf7+ Kxf7 10. Ne2 Nd7 11. Bf4 e5 12. dxe5 Nxe5 13. Bg2 Qb4+ 14. Nd2 Re8 15. 0-0 Qc5+ 16. Kh2 Qxc2 17. Nd4 Qd3 18. Qa4 Bd6 19. N2b3 Nf6 20. Rad1 Qa6 21. Qxa6 bxa6 22. Nxc6 Bc2 23. Rc1 Bxb3 24. axb3 g5 25. Bxe5 Bxe5+ 26. Nxe5+ Rxe5 27. Rc7+ Re7 28. Rxe7+ Kxe7 29. Ra1 Rd8 30. Bf1 Rd6 31. Bxa6 Rb6 32. Ra3 Nd7 33. Be2 Rb7 34. Kg3 Nc5 35. Bd1 Ke6 36. Ra5 Kd6 37. f4 Ne4+ 38. Kf3 gxf4 39. Kxf4 Rf7+ 40. Ke3 Ke5 41. b4 Ng5 42. Be2 Re7 1/2-1/2

[Event "Quebec Montcalm op 5 2006-07"]
[Site "Quebec"]
[Date "2007.03.01"]
[Round "3"]
[White "Champetier, Serge"]
[Black "Monga, Alain"]
[Result "1/2-1/2"]
[WhiteElo "2096"]
[BlackElo "1679"]
[PlyCount "45"]
[EventDate "2007.02.15"]
[EventType "swiss"]
[EventRounds "5"]
[EventCountry "CAN"]
[SourceTitle "EXT 2022"]
[Source "ChessBase"]
[SourceDate "2021.10.06"]
[SourceVersion "1"]
[SourceVersionDate "2021.10.06"]
[SourceQuality "1"]

1. e4 c5 2. Nf3 d6 3. d4 cxd4 4. Nxd4 Nf6 5. Nc3 a6 6. Be2 e5 7. Nb3 Be7 8. 0-0 0-0 9. a4 Be6 10. f4 exf4 11. Bxf4 d5 12. e5 Ne4 13. Qe1 Bb4 14. Bd3 Qc8 15. Qh4 Bxc3 16. bxc3 Qxc3 17. Rf3 Qc8 18. Raf1 Nc6 19. Bg3 Qd8 20. Qf4 Qg5 21. Bxe4 Qxf4 22. Bxh7+ Kxh7 23. Rxf4 1/2-1/2

[Event "Quebec Montcalm op"]
[Site "Quebec"]
[Date "2007.01.07"]
[Round "5"]
[White "Champetier, Serge"]
[Black "Caire, Francois"]
[Result "0-1"]
[WhiteElo "2072"]
[BlackElo "2240"]
[PlyCount "46"]
[EventDate "2007.01.05"]
[EventType "swiss"]
[EventRounds "5"]
[EventCountry "CAN"]
[SourceTitle "EXT 2022"]
[Source "ChessBase"]
[SourceDate "2021.10.06"]
[SourceVersion "1"]
[SourceVersionDate "2021.10.06"]
[SourceQuality "1"]

1. d4 Nf6 2. Bg5 d5 3. Bxf6 exf6 4. c4 dxc4 5. Nc3 c6 6. e4 b5 7. a4 Bb4 8. axb5 cxb5 9. Be2 Bb7 10. Bf3 Qe7 11. Qc2 0-0 12. Nge2 f5 13. exf5 Bxf3 14. gxf3 Bxc3+ 15. bxc3 Re8 16. Rg1 Nc6 17. Kf1 Qh4 18. Qd2 Qh3+ 19. Rg2 Qxf5 20. Kg1 Qxf3 21. Qg5 g6 22. Ng3 Qxc3 23. Rf1 Nxd4 0-1

[Event "Quebec Festival I"]
[Site "Quebec"]
[Date "2005.07.11"]
[Round "5"]
[White "Champetier, Serge"]
[Black "Arteau, Benoit"]
[Result "1-0"]
[WhiteElo "1981"]
[BlackElo "1940"]
[PlyCount "65"]
[EventDate "2005.06.13"]
[EventType "swiss"]
[EventRounds "5"]
[EventCountry "CAN"]
[SourceTitle "EXT 2009"]
[Source "ChessBase"]
[SourceDate "2008.11.26"]
[SourceVersion "1"]
[SourceVersionDate "2008.11.26"]
[SourceQuality "1"]

1. d4 Nf6 2. c4 e6 3. Nf3 b6 4. g3 Bb7 5. Bg2 c5 6. d5 exd5 7. Nh4 Be7 8. Nc3 Na6 9. 0-0 0-0 10. Nf5 Nc7 11. cxd5 d6 12. a4 Re8 13. e4 Bf8 14. Bg5 h6 15. Bf4 Bc8 16. g4 Kh7 17. g5 hxg5 18. Bxg5 g6 19. Ne3 Bh6 20. f4 Qe7 21. Qf3 Kg7 22. Bh4 Qf8 23. e5 dxe5 24. Bxf6+ Kxf6 25. fxe5+ Kg7 26. d6 Ba6 27. Ng4 Bxf1 28. Rxf1 Ne6 29. Qf6+ Kh7 30. Bxa8 Rxa8 31. Nd5 Nd8 32. Qh4 g5 33. Qh5 1-0

[Event "Quebec Carnaval op"]
[Site "Quebec"]
[Date "2005.02.20"]
[Round "4"]
[White "Berube, Antoine"]
[Black "Champetier, Serge"]
[Result "1/2-1/2"]
[WhiteElo "2125"]
[BlackElo "1908"]
[PlyCount "93"]
[EventDate "2005.02.??"]
[EventType "swiss"]
[EventRounds "5"]
[EventCountry "CAN"]
[SourceTitle "EXT 2006"]
[Source "ChessBase"]
[SourceDate "2005.11.24"]
[SourceVersion "1"]
[SourceVersionDate "2005.11.24"]
[SourceQuality "1"]

1. d4 d5 2. c4 Nc6 3. Nf3 Bg4 4. cxd5 Bxf3 5. dxc6 Bxc6 6. Nc3 Nf6 7. Bg5 e6 8. f3 Be7 9. e3 0-0 10. Bd3 Nd5 11. Bxe7 Qxe7 12. Qe2 Qh4+ 13. g3 Qh5 14. e4 Nxc3 15. bxc3 f5 16. 0-0 Rad8 17. Bb5 Rd6 18. Rab1 fxe4 19. Bxc6 Rxc6 20. Qxe4 Qf5 21. Rxb7 Rxc3 22. Qxf5 Rxf5 23. Rxa7 Rd5 24. Ra4 Kf7 25. Rb4 Ke7 26. a4 Ra3 27. Rc1 Kd6 28. Rbc4 c5 29. dxc5+ Kc6 30. Rb4 Ra2 31. Rh4 h6 32. Rf1 Rdd2 33. Rh5 Rg2+ 34. Kh1 Rgc2 35. Re1 Rxa4 36. Rxe6+ Kc7 37. Re7+ Kc6 38. Re6+ Kc7 39. Re1 Raa2 40. Rf1 Kd7 41. g4 Ke6 42. f4 Kf7 43. Rg1 Ra5 44. g5 Raxc5 45. g6+ Kf6 46. Rxc5 Rxc5 47. Kg2 1/2-1/2

[Event "Quebec Carnaval op"]
[Site "Quebec"]
[Date "2005.02.18"]
[Round "1"]
[White "Champetier, Serge"]
[Black "Prahov, Valentin Asenov"]
[Result "0-1"]
[WhiteElo "1908"]
[BlackElo "2229"]
[PlyCount "58"]
[EventDate "2005.02.??"]
[EventType "swiss"]
[EventRounds "5"]
[EventCountry "CAN"]
[SourceTitle "EXT 2006"]
[Source "ChessBase"]
[SourceDate "2005.11.24"]
[SourceVersion "1"]
[SourceVersionDate "2005.11.24"]
[SourceQuality "1"]

1. e4 c5 2. a3 Nc6 3. b4 cxb4 4. axb4 Nxb4 5. c3 Nc6 6. d4 d5 7. exd5 Qxd5 8. Na3 e5 9. Nb5 Bd6 10. Bc4 Qe4+ 11. Ne2 Bb8 12. Qb3 Qg6 13. 0-0 Nge7 14. d5 Nd8 15. Ba3 a6 16. Bb4 Bd7 17. Qa2 Nxd5 18. Bxd5 Bxb5 19. Rfe1 Bd6 20. Qb3 0-0 21. Ng3 Rc8 22. Be4 Qf6 23. Bxd6 Qxd6 24. Nf5 Qf6 25. Rad1 Rc7 26. Rd6 Ne6 27. c4 Rxc4 28. Bb1 Rf4 29. Qh3 h6 0-1

[Event "St Jean op"]
[Site "St Jean sur Richelieu"]
[Date "2004.06.27"]
[Round "5"]
[White "Beaudoin, Stephane"]
[Black "Champetier, Serge"]
[Result "1/2-1/2"]
[WhiteElo "2125"]
[BlackElo "1985"]
[PlyCount "81"]
[EventDate "2004.06.??"]
[EventType "swiss"]
[EventRounds "5"]
[EventCountry "CAN"]
[SourceTitle "EXT 2006"]
[Source "ChessBase"]
[SourceDate "2005.11.24"]
[SourceVersion "1"]
[SourceVersionDate "2005.11.24"]
[SourceQuality "1"]

1. e4 d6 2. d4 Nf6 3. Nc3 g6 4. Nf3 Bg7 5. h3 0-0 6. Be3 Nc6 7. d5 Nb8 8. Bc4 c6 9. Bb3 Bd7 10. a4 a5 11. 0-0 Na6 12. Qd2 Nc5 13. Bxc5 dxc5 14. Qe3 Rc8 15. dxc6 Bxc6 16. Rad1 Qb6 17. Nd2 e6 18. Nc4 Qc7 19. Nd6 Rcd8 20. Qxc5 Nd7 21. Qe3 Be5 22. Nc4 Bxc3 23. bxc3 b5 24. Nb2 Qb7 25. f3 bxa4 26. Nxa4 Bxa4 27. Bxa4 Ne5 28. Rxd8 Rxd8 29. Qc5 Qb8 30. f4 Nd7 31. Qxa5 Nf6 32. e5 Nd5 33. Rd1 Rc8 34. c4 Ne3 35. Rd7 Qb1+ 36. Kf2 Nxc4 37. Qa6 Qb6+ 38. Qxb6 Nxb6 39. Rd4 Nxa4 40. Rxa4 Rxc2+ 41. Kg3 1/2-1/2

[Event "St Jean op"]
[Site "St Jean sur Richelieu"]
[Date "2004.06.25"]
[Round "2"]
[White "Champetier, Serge"]
[Black "Audet Bouchard, Nicolas"]
[Result "0-1"]
[WhiteElo "1985"]
[BlackElo "2084"]
[PlyCount "84"]
[EventDate "2004.06.??"]
[EventType "swiss"]
[EventRounds "5"]
[EventCountry "CAN"]
[SourceTitle "EXT 2006"]
[Source "ChessBase"]
[SourceDate "2005.11.24"]
[SourceVersion "1"]
[SourceVersionDate "2005.11.24"]
[SourceQuality "1"]

1. e4 e6 2. d4 d5 3. Nc3 dxe4 4. Nxe4 Bd7 5. Nf3 Bc6 6. Bd3 Nd7 7. 0-0 Ngf6 8. Ng3 Be7 9. b3 Bxf3 10. Qxf3 c6 11. Bb2 0-0 12. c4 Qa5 13. Rfe1 Rfe8 14. Re2 Rad8 15. Rae1 Bb4 16. Rd1 Qg5 17. h3 Bf8 18. Bc3 g6 19. Rde1 Bg7 20. Kh2 h5 21. Bc2 h4 22. Ne4 Nxe4 23. Rxe4 Nf6 24. Re5 Qh6 25. Ra5 a6 26. Rd1 Qh8 27. Rd3 Rd7 28. Bd2 Red8 29. Be3 Nh5 30. d5 exd5 31. cxd5 Be5+ 32. Kg1 Bc7 33. Ra4 Rxd5 34. Rxd5 Rxd5 35. g3 hxg3 36. Qg4 gxf2+ 37. Bxf2 Qe5 38. Re4 Qg5 39. Re8+ Kh7 40. Be3 Qxg4+ 41. hxg4 Nf6 42. Re7 Rd7 0-1

[Event "Quebec-ch qual"]
[Site "Quebec"]
[Date "2004.05.23"]
[Round "5"]
[White "Champetier, Serge"]
[Black "Audet Bouchard, Nicolas"]
[Result "1/2-1/2"]
[WhiteElo "1988"]
[BlackElo "2084"]
[PlyCount "34"]
[EventDate "2004.05.??"]
[EventType "swiss"]
[EventRounds "5"]
[EventCountry "CAN"]
[SourceTitle "EXT 2006"]
[Source "ChessBase"]
[SourceDate "2005.11.24"]
[SourceVersion "1"]
[SourceVersionDate "2005.11.24"]
[SourceQuality "1"]

1. d4 Nf6 2. Bg5 c5 3. d5 Qb6 4. Bc1 g6 5. g3 Bg7 6. Nc3 d6 7. Bg2 0-0 8. Nh3 e5 9. 0-0 Ne8 10. a4 h6 11. a5 Qd8 12. f4 exf4 13. Nxf4 Nd7 14. a6 Ne5 15. axb7 Bxb7 16. h3 Nc7 17. e4 a5 1/2-1/2

[Event "Quebec Carnaval op"]
[Site "Quebec"]
[Date "2004.02.13"]
[Round "1"]
[White "Fortier, Marc Andre"]
[Black "Champetier, Serge"]
[Result "1-0"]
[WhiteElo "2205"]
[BlackElo "2005"]
[PlyCount "49"]
[EventDate "2004.02.??"]
[EventType "swiss"]
[EventRounds "5"]
[EventCountry "CAN"]
[SourceTitle "EXT 2005"]
[Source "ChessBase"]
[SourceDate "2004.11.15"]
[SourceVersion "1"]
[SourceVersionDate "2004.11.15"]
[SourceQuality "1"]

1. e4 d6 2. g3 Nc6 3. Bg2 e5 4. c3 g6 5. d4 Bg7 6. Ne2 Nge7 7. d5 Nb8 8. 0-0 0-0 9. Be3 f5 10. f3 Nd7 11. c4 f4 12. gxf4 exf4 13. Nxf4 Nb6 14. Qc1 c6 15. Na3 cxd5 16. cxd5 Bd7 17. Qd2 Na4 18. Nd3 b5 19. Rac1 a5 20. b4 Nc3 21. Rxc3 axb4 22. Nxb4 Qa5 23. Nac2 Bxc3 24. Qxc3 Rac8 25. Qb2 1-0

[Event "Charlesbourg op09"]
[Site "Charlesbourg"]
[Date "2003.09.15"]
[Round "3"]
[White "Lapierre, Gaetan"]
[Black "Champetier, Serge"]
[Result "1-0"]
[WhiteElo "1855"]
[BlackElo "2014"]
[PlyCount "49"]
[EventDate "2003.09.01"]
[EventType "swiss"]
[EventRounds "5"]
[EventCountry "CAN"]
[SourceTitle "EXT 2008"]
[Source "ChessBase"]
[SourceDate "2007.11.25"]
[SourceVersion "1"]
[SourceVersionDate "2007.11.25"]
[SourceQuality "1"]

1. Nf3 d5 2. c4 e6 3. g3 c6 4. b3 f5 5. Bg2 Nf6 6. 0-0 d4 7. Bb2 c5 8. d3 Nc6 9. e3 dxe3 10. fxe3 Be7 11. Nc3 0-0 12. Na4 Qc7 13. d4 Rd8 14. Qe2 Ne4 15. Rad1 Bd7 16. Nd2 Nb4 17. Nxe4 Bxa4 18. bxa4 fxe4 19. Bxe4 Bg5 20. a3 Nc6 21. d5 exd5 22. Bxd5+ Kh8 23. Rf7 Qb6 24. Bxg7+ Kg8 25. Rd7# 1-0

[Event "Quebec Montcalm op"]
[Site "Quebec"]
[Date "2000.03.05"]
[Round "4"]
[White "Champetier, Serge"]
[Black "Lacroix, Serge"]
[Result "1/2-1/2"]
[WhiteElo "2093"]
[BlackElo "1994"]
[PlyCount "58"]
[EventDate "2000.03.03"]
[EventType "swiss"]
[EventRounds "5"]
[EventCountry "CAN"]
[SourceTitle "EXT 2022"]
[Source "ChessBase"]
[SourceDate "2021.10.06"]
[SourceVersion "1"]
[SourceVersionDate "2021.10.06"]
[SourceQuality "1"]

1. e4 e5 2. Nf3 Nc6 3. d4 exd4 4. Nxd4 Nf6 5. Nxc6 bxc6 6. e5 Qe7 7. Qe2 Nd5 8. c4 Nb6 9. b3 Qe6 10. Bb2 Be7 11. Nd2 0-0 12. Qh5 d5 13. Bd3 h6 14. f4 f5 15. 0-0 Qf7 16. Qe2 Be6 17. Rac1 a5 18. cxd5 Bxd5 19. Nf3 c5 20. e6 Qh5 21. Ba1 Bd6 22. e7 Rfe8 23. Qb2 Rxe7 24. Rce1 Rae8 25. Ne5 Bxe5 26. fxe5 Be6 27. Qd2 c4 28. bxc4 Qh4 29. g3 Qh5 1/2-1/2

[Event "Quebec op"]
[Site "Montreal"]
[Date "1998.07.26"]
[Round "2"]
[White "Champetier, Serge"]
[Black "Gilbert, Erick"]
[Result "1-0"]
[WhiteElo "1979"]
[BlackElo "1845"]
[PlyCount "77"]
[EventDate "1998.07.25"]
[EventType "swiss"]
[EventRounds "9"]
[EventCountry "CAN"]
[SourceTitle "EXT 2022"]
[Source "ChessBase"]
[SourceDate "2021.10.06"]
[SourceVersion "1"]
[SourceVersionDate "2021.10.06"]
[SourceQuality "1"]

1. e4 e6 2. d4 d5 3. Nc3 Bb4 4. Nge2 dxe4 5. a3 Bxc3+ 6. Nxc3 Nf6 7. Bg5 h6 8. Bh4 g5 9. Bg3 Nd5 10. Nxe4 Nc6 11. h4 Nf6 12. Bxc7 Qe7 13. Bd6 Qd8 14. Nxf6+ Qxf6 15. Bb5 Qf5 16. Qe2 Bd7 17. 0-0-0 Qd5 18. Bc5 0-0-0 19. Kb1 Kb8 20. Bc4 Qf5 21. hxg5 hxg5 22. Rxh8 Rxh8 23. d5 exd5 24. Rxd5 Qe6 25. Rxg5 Qxe2 26. Bxe2 Rh1+ 27. Ka2 Be6+ 28. b3 Kc7 29. Kb2 b6 30. Be3 Rh8 31. g4 Ne7 32. Bf4+ Kc6 33. Be5 Rg8 34. Rxg8 Nxg8 35. Kc3 Ne7 36. Kd4 b5 37. f4 a5 38. f5 Bd5 39. f6 1-0

[Event "Quebec op"]
[Site "Montreal"]
[Date "1987.08.02"]
[Round "8"]
[White "Champetier, Serge"]
[Black "Maurer, Serge"]
[Result "0-1"]
[WhiteElo "1871"]
[BlackElo "1706"]
[PlyCount "55"]
[EventDate "1987.07.26"]
[EventType "swiss"]
[EventRounds "8"]
[EventCountry "CAN"]
[SourceTitle "EXT 2022"]
[Source "ChessBase"]
[SourceDate "2021.10.06"]
[SourceVersion "1"]
[SourceVersionDate "2021.10.06"]
[SourceQuality "1"]

1. e4 e5 2. Bc4 Nf6 3. d4 Nxe4 4. dxe5 Nc5 5. Nf3 Be7 6. Nc3 c6 7. Bf4 b5 8. Bb3 0-0 9. 0-0 a5 10. a3 Nxb3 11. cxb3 Na6 12. Qc2 Nc5 13. Be3 Ne6 14. Ne4 Qc7 15. Rfd1 f6 16. exf6 Bxf6 17. Nxf6+ Rxf6 18. Nd2 d5 19. Rac1 Bd7 20. Nf3 Raf8 21. Rd2 Rg6 22. Nh4 Rgf6 23. g3 Qe5 24. Ng2 d4 25. f4 Qd5 26. Bf2 c5 27. Re1 Bc6 28. Be3 0-1

[Event "Quebec op"]
[Site "Montreal"]
[Date "1987.08.01"]
[Round "7"]
[White "Piche, Guy"]
[Black "Champetier, Serge"]
[Result "1/2-1/2"]
[WhiteElo "1755"]
[BlackElo "1871"]
[PlyCount "87"]
[EventDate "1987.07.26"]
[EventType "swiss"]
[EventRounds "8"]
[EventCountry "CAN"]
[SourceTitle "EXT 2022"]
[Source "ChessBase"]
[SourceDate "2021.10.06"]
[SourceVersion "1"]
[SourceVersionDate "2021.10.06"]
[SourceQuality "1"]

1. e4 c5 2. Nf3 Nc6 3. c3 Nf6 4. Bd3 g6 5. Bc2 Bg7 6. d3 0-0 7. 0-0 d6 8. h3 b5 9. d4 c4 10. Bf4 Nh5 11. Bh2 e5 12. g4 Nf4 13. Bxf4 exf4 14. Nbd2 Ba6 15. a3 Rc8 16. Ne1 Rc7 17. Ng2 Bh6 18. Qf3 g5 19. Rae1 Bb7 20. Kh2 Ne7 21. h4 Ng6 22. hxg5 Qxg5 23. Qh3 Bc8 24. f3 a5 25. Rh1 Bg7 26. Kg1 h6 27. e5 dxe5 28. dxe5 Nxe5 29. Ne4 Nxf3+ 30. Qxf3 Qxg4 31. Qxg4 Bxg4 32. Nxf4 Rd8 33. Kf2 Rc6 34. Reg1 f5 35. Rxg4 fxg4 36. Rg1 Rf8 37. Ke3 h5 38. Nxh5 Bh6+ 39. Ke2 Rg6 40. Rxg4 Rxg4 41. Nhf6+ Kg7 42. Nxg4 Bc1 43. a4 bxa4 44. Bxa4 1/2-1/2

[Event "Quebec op"]
[Site "Montreal"]
[Date "1987.07.28"]
[Round "3"]
[White "Dupuis, Stephane"]
[Black "Champetier, Serge"]
[Result "1/2-1/2"]
[WhiteElo "2089"]
[BlackElo "1871"]
[PlyCount "89"]
[EventDate "1987.07.26"]
[EventType "swiss"]
[EventRounds "8"]
[EventCountry "CAN"]
[SourceTitle "EXT 2022"]
[Source "ChessBase"]
[SourceDate "2021.10.06"]
[SourceVersion "1"]
[SourceVersionDate "2021.10.06"]
[SourceQuality "1"]

1. d4 Nf6 2. Nf3 g6 3. c4 Bg7 4. g3 0-0 5. Bg2 d6 6. 0-0 c6 7. Nc3 Nbd7 8. h3 Rb8 9. e4 e5 10. Be3 a6 11. b4 exd4 12. Nxd4 Ne5 13. c5 Nc4 14. Qb3 Nxe3 15. fxe3 dxc5 16. bxc5 Qc7 17. Rf3 Qe5 18. Raf1 Qxc5 19. Rxf6 Bxf6 20. Rxf6 Qe5 21. Rf4 c5 22. Nf3 Qg7 23. Nd5 Be6 24. Nf6+ Qxf6 25. Rxf6 Bxb3 26. axb3 Kg7 27. Rb6 Rfe8 28. Nd2 Re6 29. Rxe6 fxe6 30. e5 b5 31. Ne4 c4 32. bxc4 bxc4 33. Bf1 Rb1 34. Kf2 Rc1 35. Ng5 a5 36. Nxe6+ Kf7 37. Nd4 a4 38. Nb5 c3 39. Bc4+ Ke7 40. Ke2 c2 41. Kd2 Re1 42. Kxc2 Rxe3 43. Na7 Rxg3 44. e6 Rxh3 45. Nc8+ 1/2-1/2